[Event "New Delhi Parsvnath op-C 16th"]
[Site "New Delhi"]
[Date "2018.01.15"]
[Round "6"]
[White "Anirudh, Jain"]
[Black "Sharma, Rohit"]
[Result "1-0"]
[WhiteElo "1590"]
[BlackElo "1489"]
[PlyCount "35"]
[EventDate "2018.01.09"]
[EventType "swiss"]
[EventRounds "10"]
[EventCountry "IND"]
[SourceTitle "CBM 182 Extra"]
[Source "ChessBase"]
[SourceDate "2018.02.23"]
[SourceVersion "1"]
[SourceVersionDate "2018.02.23"]
[SourceQuality "1"]

1. d4 Nf6 2. Nf3 d5 3. Bf4 e6 4. e3 Bd6 5. Bg3 Bxg3 6. hxg3 c5 7. c3 c4 8. b3 cxb3 9. axb3 Bd7 10. Bd3 Nc6 11. Nbd2 a6 12. Ne5 Nxe5 13. dxe5 Ne4 14. Bxe4 dxe4 15. Nxe4 0-0 16. Qh5 h6 17. Nf6+ Kh8 18. Qg5 1-0

[Event "New Delhi Parsvnath op-C 16th"]
[Site "New Delhi"]
[Date "2018.01.14"]
[Round "5"]
[White "Shah, Dhaval"]
[Black "Anirudh, Jain"]
[Result "0-1"]
[WhiteElo "1491"]
[BlackElo "1590"]
[PlyCount "96"]
[EventDate "2018.01.09"]
[EventType "swiss"]
[EventRounds "10"]
[EventCountry "IND"]
[SourceTitle "CBM 182 Extra"]
[Source "ChessBase"]
[SourceDate "2018.02.23"]
[SourceVersion "1"]
[SourceVersionDate "2018.02.23"]
[SourceQuality "1"]

1. d4 f5 2. c4 Nf6 3. Nf3 g6 4. h4 Bg7 5. Nc3 d6 6. e3 c6 7. Be2 Nbd7 8. Ng5 Nb6 9. a4 h6 10. Nh3 e5 11. a5 Nbd7 12. b3 Qe7 13. d5 0-0 14. a6 Nb6 15. dxc6 bxc6 16. Ba3 Rd8 17. Bb2 Be6 18. Bf3 e4 19. Be2 Rab8 20. Nf4 Bf7 21. h5 g5 22. Ng6 Qe8 23. Ba3 Nxh5 24. Rc1 Nf6 25. Bxd6 Bxg6 26. c5 Nbd5 27. Nxd5 Nxd5 28. Bc4 Rbc8 29. Bxd5+ cxd5 30. Qxd5+ Bf7 31. Qd1 Bf8 32. Ra1 Rxc5 33. Qd4 Rd5 34. Qxa7 R5xd6 35. Qc7 Qd7 36. Qxd7 R6xd7 37. 0-0 Bxb3 38. Rfb1 Bd5 39. Rb5 Bc4 40. Rxf5 Rd1+ 41. Rxd1 Rxd1+ 42. Kh2 Bxa6 43. f3 Bd6+ 44. f4 gxf4 45. exf4 e3 46. Ra5 e2 47. Rxa6 e1Q 48. Ra8+ Bf8 0-1

[Event "IND-ch U13 31st"]
[Site "Jalandhar"]
[Date "2017.06.22"]
[Round "3"]
[White "Anirudh, Jain"]
[Black "Aaryan, Varshney"]
[Result "0-1"]
[WhiteElo "1515"]
[BlackElo "1752"]
[PlyCount "66"]
[EventDate "2017.06.21"]
[EventType "swiss"]
[EventRounds "11"]
[EventCountry "IND"]
[SourceTitle "CBM 179 Extra"]
[Source "ChessBase"]
[SourceDate "2017.08.23"]
[SourceVersion "1"]
[SourceVersionDate "2017.08.23"]
[SourceQuality "1"]

1. d4 Nf6 2. c4 e6 3. Nf3 d5 4. Nc3 Be7 5. Bg5 h6 6. Bh4 0-0 7. e3 b6 8. cxd5 Nxd5 9. Bxe7 Qxe7 10. Rc1 Bb7 11. Be2 Nf6 12. 0-0 Nbd7 13. Bd3 c5 14. Qe2 Bxf3 15. Qxf3 cxd4 16. exd4 Qb4 17. d5 Ne5 18. Qe2 Nxd3 19. Qxd3 Rfd8 20. Qa6 exd5 21. b3 d4 22. Nb5 d3 23. Rc4 Qe7 24. Rc7 Qe5 25. Rxa7 Rxa7 26. Nxa7 Ng4 27. g3 d2 28. Rd1 Qh5 29. h4 Nxf2 30. Rxd2 Rxd2 31. Qc8+ Kh7 32. g4 Nxg4 33. Qc1 Qd5 0-1